000
00313nam a22001337a 4500
008
180207b xxu||||| |||| 00| 0 eng d
020
_a
9780135109793
041
_a
eng
080
_a
343.9
100
_a
13
101
_a
JUR
245
_a
Criminology a sociological understanding
_c
Barkan,S.E
942
_2
udc
_c
BK
999
_c
42036
_d
42036